000
00324nam a22001457a 4500
008
210311b ||||| |||| 00| 0 eng d
020
_a
0805398406
041
_a
eng
080
_2
2nd
_a
575
082
_a
575
100
_a
5
101
_a
BIO
245
_a
Biochemistry a Problems Approach
_c
Wood, W. B
942
_2
udc
_c
BK
999
_c
56428
_d
56428